| 000 | 00617nam a22002177a 4500 | ||
|---|---|---|---|
| 005 | 20160127052208.0 | ||
| 008 | 101008s2011 nyu b 001 0 eng | ||
| 020 | _a9780071760812 (alk. paper) | ||
| 020 | _a0071760814 (alk. paper) | ||
| 024 | 0 | _ceng | |
| 041 | 0 | _aeng | |
| 080 | _a338.45 | ||
| 100 | 1 | _aSteffy, Loren C. | |
| 245 | 1 | 0 |
_aDrowning in oil : _cLoren C. Steffy. |
| 250 | _a1 st.ed.; | ||
| 260 |
_aNew York : _bMcGraw-Hill, _c2011. |
||
| 300 |
_a285 f. ; _c23 cm. |
||
| 504 | _aIndex f. 279-285 | ||
| 650 | 0 | _aIndustria dhe tregtia e naftës | |
| 942 |
_2udc _cBK |
||
| 999 |
_c491 _d491 |
||